000 00692cam a22002291a 4500
001 ne 63001201
003 DLC
005 20260227111746.0
008 911205s1960 ua 000 0 ara c
010 _ane 63001201
035 _a(OCoLC)24894215
040 _aPrinceton Univ. Libr.
_cMWalB
_dMWalB
_dDLC
042 _apremarc
050 0 0 _aHN783.5
_b.A64 1960
100 1 _aAḥmad, ʻAlī Fuʼād.
245 1 0 _aʻIlm al-ijtimāʻ al-rīfī /
_cʻAlī Fuʼād Aḥmad.
250 _aal-Ṭabʻah al-thānīyah.
260 _a[al-Qāhirah :
_bDār al-Thiqāfat wa-al-ʻUlūm,
_c1960]
300 _a268 p. ;
_c24 cm.
650 0 _aSociology, Rural.
651 0 _aEgypt
_xRural conditions.
999 _c45980
_d45980